000 00354nam a2200157Ia 4500
008 230312s9999||||xx |||||||||||||| ||und||
020 _a81-7656-040-5
082 _a005.13
_bKAN-L
100 _aKenetkar Yshavant
245 0 _aLet Us C
260 _bBPB
_aNew Delhi
300 _a772
546 _aEng.
650 _aComputer
_vWhat is C ?
942 _cBK
999 _c3143
_d3143